| 000 | 00696 a2200193 4500 | ||
|---|---|---|---|
| 020 | _a052144554X | ||
| 040 | _aDLC | ||
| 082 | 0 | 0 | _a519.5 |
| 100 | 1 | _aFrank, Harry, | |
| 245 | 1 | 0 |
_aStatistics: concepts and applications _cHarry Frank, Steven C. Althoen. |
| 260 |
_aCambridge [England] ; _aNew York, NY, USA : _bCambridge University Press, _c1994. |
||
| 300 |
_axxvi, 853 p. : _bill. ; _c27 cm. |
||
| 500 | _aIncludes index. | ||
| 650 | 0 | _aStatistics. | |
| 700 | 1 | _aAlthoen, Steven C. | |
| 856 | 4 | 2 |
_3Publisher description _uhttp://www.loc.gov/catdir/description/cam025/93027502.html |
| 856 | 4 | 2 |
_3Table of contents _uhttp://www.loc.gov/catdir/toc/cam028/93027502.html |
| 942 |
_cBK _k519.5 FRA _2ddc |
||
| 999 |
_c7738 _d7738 |
||